Statistics for Supergirl-Main Characters

Click here to take the quiz!

General Stats

  • This quiz has been taken 53 times
  • The average score is 12 of 36

Answer Stats

HintAnswer% Correct
Current DEO director, doctor and scientist.Dir. Alexandra 'Alex' Danvers
95%
Co-owner of Lex-Corp, in an alternate timeline, a kyrptonite powered cyborg.CEO Helena 'Lena' Luthor/Metallo
93%
Current co-owner of LexCorp.CEO Alexander 'Lex' Luthor
83%
Kryptonian Heroine.Kara Zor-El/Kara Danvers/Supergirl
80%
Former armored vigilante.(Dir.) James 'Jimmy' Olsen/Guardian
59%
(Earth-Prime) Kryptonian Boyscout.Kal-El/Clark Kent/Superman
56%
Last son of Mars hiding as the former DEO director.J'onn J'onnz/Martian Manhunter
54%
Daxamite royal and refugeePrince Mon-El Gand of Daxam/Michael 'Mike' Matthews
54%
(Earth-Prime) 31st Century Coluan with a 12th Level Intellect, current tech support for the DEO. (Earth-unknown) A Coluan who arrives on Earth-Prime through a wormhole in Al's Bar (pre-Crisis). (Earth-unknown) A Coluan who became director of the D.E.O. (pre-Crisis) (Earth-unknown) A Coluan who sealed his Earth in a bottle before Crisis (pre-Crisis). (Earth-unknown) A Coluan who becomes afflected by the Anti-Life Equation (deceased-2020) (pre-Crisis)Dir. Querl 'Brainy' Dox/Brainiac 5/Barney Fife
51%
Project Cadmus member and mother to both CEO's of LexcorpLillian Luthor
49%
3rd child survivor of Krypton.Samantha 'Sam' Arias/Reign
49%
(Earth-Prime) Former CatCo worker and DEO technical expert, currently resides in the 31st century. (Earth-unknown) The psychotic genius with a penchant for killer toys (deceased-2020) (pre-Crisis)Winslow Schott Jr./Computer Lad/Toyman
49%
Sister to the armoured vigilante.Dr. Kelly Olsen
46%
Political speechwriter turned CatCo Investigative JournalistNia Nal/Dreamer
46%
Scientist with a husband who is a former DEO agent.Agt. Elizabeth 'Eliza' Danvers
37%
Daily Planet journalist.Lois Lane
37%
Formerly a scientist working for the DEO, discovered to be working for Project Cadmus. (deceased-2020)Agt. Jeremiah Danvers
32%
A polished businesswoman and heir to a Central American tech empire.Andrea Rojas/Acrata
32%
Mad Genius who weaponizes toys. (deceased-2018)Winslow Schott Sr./Toyman
29%
Former businessman and leader of an anti-alien hate group.Prof. Benjamin 'Ben' Lockwood/Agt. Liberty
24%
Last Daughter of Mars, secretly a White Martian.M'gann M'orzz/Megan Morse/Miss Martian
22%
An AI developed by LexCorp's co-owner to run a series of LexoSuitsH.O.P.E.
12%
A cynical sellout who looks down on idealism.William Dey
12%
New Assistant to CatCo's Founder and L-Corp's, secretly working for the former CEO of LexCorp, secretly working for Leviathan.Evelyn 'Eve' Teschmacher
10%
5th Dimension reality bending tricksterMr. Mxyzptlk
10%
(Earth-unknown) An Kryptonian witch aligned with their universe's Worldkillers (pre-Crisis).Selena
10%
Biomax creator (deceased-2017)CEO Jacob 'Jack' Spheer
7%
Adoptive mother to the 3rd surviving Kryptonian.Patricia Arias
7%
An ancient alien looking to subjugate Earth's population through technologyGamemnae/Gemma Cooper
5%
A powerful and malevolent cosmic being.Mobius/The Anti-Monitor
2%
Charismatic cult leader who worships 'The Girl Of Steel'Thomas Coville
2%
(Earth-unknown) An Kryptonian witch aligned with their universe's Worldkillers (pre-Crisis).Vita
2%
(Earth-unknown) An Kryptonian witch aligned with their universe's Worldkillers (pre-Crisis).Ayala
0%
Anti-Trans catfisherGregory Bauer
0%
A man with a savant-like talent for killing aliens.Otis Graves
0%
Alien prisoner with an Amazonian physiqueTormock
0%

Score Distribution

Percentile by Number Answered

Percent of People with Each Score

Your Score History

You have not taken this quiz